000 00521nam a2200145 4500
001 144071
003 ES-MaACL
007 t|
008 070214s1919 fr r ||||1| fre d
100 1 _aSimonet, Jules.
_9106572
245 1 0 _aÉtude sur l'organisation rationnelle des usines
_b: régles générales, services techniques, magasins, fabrication, service commercial, compatible /
_cpar Jules Simonet.
260 _aParis :
_b[s. n.],
_c1919 (
_fBussière)
300 _a173 p. ;
_c25 x 16 cm.
852 _aES-MaACL
_jB-4481
999 _c144071
_d144071